000 00662nam a22002417a 4500
001 BR9509776
003 BR-BrBNA
005 20230928095039.0
007 ta
008 230509b bl.||||| |||| 00| 0 por d
040 _aBR-BrBNA
_bpor
_cBiblioteca Nacional de Agricultura
041 _a(Por)
072 _aE70
090 _ E70 BR9509776
110 1 _aCompanhia Nacional de Abastecimento, Brasilia, DF (Brasil). Depto. de Comercializacao
_92468
245 1 _aRelatorio anual 1994
260 3 _aBrasilia, DF (Brasil):
_c1994.
300 _a26 p.
650 _aComercializacao
650 _aVenda
909 _a202309
_bLucia
_c55
_dLucia Elande
942 _cBK
999 _c54193
_d54193